000 00681nam a22002057a 4500
007 00
008 160621b xxu||||| |||| 00| 0 eng d
020 _a2-7462-0863-6
040 _aBUAC
_cBUC
041 _aFre.
100 _aGuglielmi, Michel
245 _aSignaux aléatoires modélisation, estimation, détection
_c/ ss.dir. Michel Guglielmi
260 _aParis :
_bLavoisier,
_c2004
300 _a371 p.
_c24 cm.
440 _a( Collection Traitement du signal et de l' image)
521 _aCompr. Bibliogr .. à la fin de chaque chapitre du vol. Index : pp. (373 - 377)
630 _aSCIENCES APPLIQUEES
650 _aTélécommunication : technique
942 _cLBA
999 _c54654
_d54654